00371 2200157 4500001002100000005001500021035002000036245003100056100001600087300002600103260002800129082000800157084001400165020002200179990001200201INLIS00000000000299120250918072902 a0010-09250003381 aGot Married /cCho Park Ha0 aCho Park Ha a356 hlm ;c13 x 19 cm aJakarta :bZettu,c2013 a813 a813 CHO g a978-602-7999-65-7 a0755642